Statistieken voor Figure out the song - Taylor Swift #4

Klik hier om de quiz te nemen!

Algemene statistieken

  • Deze quiz is 1.126 keer genomen
  • De gemiddelde score is 205 van 297

Antwoordstatistieken

Antwoord% Correct
i
99%
I
99%
a
94%
You
94%
you
94%
The
91%
the
91%
me
90%
he
83%
and
82%
And
82%
be
82%
your
82%
it
81%
My
81%
my
81%
to
81%
in
80%
on
80%
no
76%
So
76%
is
75%
we're
75%
were
75%
You're
75%
of
74%
have
73%
they
73%
what
73%
who
73%
by
72%
can
72%
this
72%
for
71%
Like
71%
that
71%
there
71%
hear
70%
been
69%
It's
69%
it's
69%
as
68%
don't
68%
kid
68%
know
68%
not
68%
own
68%
say
68%
with
68%
always
67%
from
66%
From
66%
see
66%
All
65%
away
64%
can't
64%
friends
64%
Just
64%
just
64%
one
64%
could
63%
if
63%
make
63%
take
63%
Take
63%
I'd
62%
best
61%
blood
61%
body
61%
home
61%
never
61%
party
61%
saw
61%
'Cause
60%
got
60%
kiss
60%
out
60%
something
60%
Something
60%
stay
60%
them
60%
took
60%
ashes
59%
dream
59%
face
59%
fireplace
59%
friendship
59%
splashes
59%
tears
59%
weren't
59%
funny
58%
He's
58%
jokes
58%
moment
58%
money
58%
perfect
58%
starved
58%
sweat
58%
voice
58%
went
58%
Yeah
58%
around
57%
bracelets
57%
gave
57%
hosted
57%
looked
57%
reason
57%
saved
57%
sprinkler
57%
afraid
56%
play
56%
Still
56%
Summer
56%
wait
56%
You've
56%
better
55%
gown
55%
pages
55%
parties
55%
step
55%
taste
55%
boys
54%
bridges
54%
burned
54%
cool
54%
days
54%
I'll
54%
smoking
54%
turned
54%
aren't
53%
blood-soaked
53%
bodies
53%
cared
53%
didn't
53%
dreams
53%
Everything
53%
getting
53%
learn
53%
long
53%
okay
53%
There's
53%
town
53%
gonna
52%
lose
52%
loves
52%
May
52%
notice
52%
search
52%
phone
51%
rare
51%
choose
50%
Daisy
50%
room
50%
touch
50%
Anyway
49%
great
49%
patiently
49%
petals
49%
run
49%
taxi
49%
waited
49%
ages
48%
lot
48%
parking
48%
called
47%
escape
47%
stays
47%
picked
46%
different
45%
songs
45%
Writing
44%
bloomed
43%
yearning
33%

Scoreverdeling

Percentiel versus Aantal Correcte Antwoorden

Procent van Mensen met Elke Score

Uw Scoregeschiedenis

U heeft deze quiz nog niet genomen